000 00255nam a22001097a 4500
008 240610b |||||||| |||| 00| 0 eng d
100 _aNirmal, Bhegraj
_915211
245 _aKam jo sacho vdhae
260 _c1908
_bArthur Pub.
300 _a32p
942 _cBK
999 _c39465
_d39465